Movies Missing 9-Letter Words Quiz Stats

 Plays Quiz Updated Dec 22, 2014

Challenge
Share
Tweet
Embed
Score 0/30 Timer 05:00
2 Plays Today
Title Missing % Correct
A ___ on Elm StreetNightmare
97.6%
There's ___ About MarySomething
96.9%
___ at Tiffany'sBreakfast
95.6%
Pride and ___Prejudice
91.7%
Bill & Ted's Excellent ___Adventure
90.2%
Django ___Unchained
90.2%
___: The Legend of Ron BurgundyAnchorman
86.2%
The ___ RedemptionShawshank
84.7%
___ DogsReservoir
78.7%
Fast Times at ___ HighRidgemont
78.1%
Pan's ___Labyrinth
75.1%
___ LiaisonsDangerous
71.2%
*___ not includedbatteries
64.7%
___ Glen RossGlengarry
62%
The Great Mouse ___Detective
56.9%
Title Missing % Correct
The Age of ___Innocence
55.8%
The Incredible ___ ManShrinking
48%
Yellow ___Submarine
47.7%
Double ___Indemnity
45.9%
Like Water for ___Chocolate
44.5%
The Adventures of ___, Queen of the DesertPriscilla
39.7%
___ NewsBroadcast
34.4%
Judgment at ___Nuremberg
32.8%
The Diving Bell and the ___Butterfly
28.3%
___ HenryRegarding
25.8%
Fanny and ___Alexander
20.8%
Born ___Yesterday
20.7%
The Magnificent ___Ambersons
17.3%
The Sweet ___Hereafter
16.4%
Grave of the ___Fireflies
15%

You're not logged in!

Compare scores with friends on all Sporcle quizzes.
Join for Free
OR
Log In

You Might Also Like...

Show Comments

Extras

Top Quizzes Today


Score Distribution

Your Account Isn't Verified!

In order to create a playlist on Sporcle, you need to verify the email address you used during registration. Go to your Sporcle Settings to finish the process.

Report this User

Report this user for behavior that violates our Community Guidelines.

Details: